| 000 | 00617nam a2200265Ia 4500 | ||
|---|---|---|---|
| 008 | 190123s9999 xx 000 0 und d | ||
| 020 | _a9780545685832 | ||
| 050 | _bA111 2014 | ||
| 100 | _aJackson,Tom | ||
| 245 | 0 | _aDinosaurs / | |
| 245 | 0 | _cby Tom Jackson. | |
| 260 | _aNew York, New York : | ||
| 260 | _bScholastic, | ||
| 260 | _c2014 | ||
| 300 | _a32 pages : | ||
| 300 | _bcolored illustrations ; | ||
| 300 | _c21cm. | ||
| 440 | _aThe magic school bus. | ||
| 500 | _a960L | ||
| 650 | _aDinosaurs. | ||
| 650 | _aFossils. | ||
| 650 | _aPaleontology. | ||
| 700 | _aSeries. | ||
| 700 | _aTitle. | ||
| 999 |
_c361230 _d361230 |
||